Trvalo udržateľné cestné a mestské dopravné inžinierstvo : Celoživotné vzdelávanie v stavebníctve a geodézii. ESF SvF kurz č.5

Na minha lista:
Detalhes bibliográficos
Outros Autores: Bačová, Katarína, 1948- (Compiler)
Formato: Livro
Idioma:eslovaco
Publicado em: Bratislava : STU v Bratislave, 2006
Tags: Adicionar Tag
Sem tags, seja o primeiro a adicionar uma tag!

MARC

LEADER 00000nam a22000003a 4500
001 stu133958
005 20150617225916.9
008 061229s2006----xo------------------slo-d
020 |a 80-227-2546-3 
040 |a STU  |b slo 
041 0 |a slo 
044 |a xo 
100 1 |a Bačová, Katarína,  |d 1948-  |4 com  |u V120  |9 100  |U SvF Stavebná fakulta  |T SvF Katedra dopravných stavieb  |X 1010  |U V120  |Y 12  |7 A000001010 
245 1 |a Trvalo udržateľné cestné a mestské dopravné inžinierstvo :  |b Celoživotné vzdelávanie v stavebníctve a geodézii. ESF SvF kurz č.5 
260 |a Bratislava :  |b STU v Bratislave,  |c 2006 
996 |b 284V033434  |c V*303/A  |l VVT  |s A  |a 24  |w stu133958_0001